Visualizzazione normale
Vista MARC
- Kunzel Erich
di Personal Name
Records bibliografici associati: 1
001 - CONTROL NUMBER
- control field: 27826
003 - CONTROL NUMBER IDENTIFIER
- control field: IT-RoPau
005 - DATE AND TIME OF LATEST TRANSACTION
- control field: 20140529113855.0
008 - FIXED-LENGTH DATA ELEMENTS
- fixed length control field: 140529|| aca||aabn | a|a d
040 ## - CATALOGING SOURCE
- Original cataloging agency: IT-RoPau
- Transcribing agency: IT-RoPau
100 ## - HEADING--PERSONAL NAME
- Personal name: Kunzel Erich
- Relator term: Autore testo e musica
- Miscellaneous information: Codice autore testo/musica SPICS: 34123
670 ## - SOURCE DATA FOUND
- Source citation: Work cat.: (IT-RoPau)102351: Kunzel Erich 27822, Star Tracks II